| 000 | 00469nam a2200145Ia 4500 | ||
|---|---|---|---|
| 008 | 170221s9999 xx 000 0 und d | ||
| 100 | _aShariq Mohammed | ||
| 245 | _aDeterminants of Islamic Banks Acceptance in Oman | ||
| 245 | _cShariq Mohammed, Nadia Sha, Mohammed Ahmar Uddin | ||
| 260 | _bInternational Review of Management and Marketing | ||
| 260 | _c2016 | ||
| 300 | _a15 : 17 | ||
| 650 | _xMarketing. | ||
| 856 | _uhttp://www.econjournals.com/index.php/irmm | ||
| 999 |
_c311808 _d311808 |
||